| 000 -LEADER |
| fixed length control field |
00694nam a2200241Ia 4500 |
| 001 - CONTROL NUMBER |
| control field |
5719 |
| 003 - CONTROL NUMBER IDENTIFIER |
| control field |
GE_BSU |
| 008 - FIXED-LENGTH DATA ELEMENTS--GENERAL INFORMATION |
| fixed length control field |
181216s||||||||xx |||||||||||||| ||und|| |
| 040 ## - CATALOGING SOURCE |
| Transcribing agency |
GE_BSU |
| 080 ## - UNIVERSAL DECIMAL CLASSIFICATION NUMBER |
| Universal Decimal Classification number |
51(035) |
| 100 ## - MAIN ENTRY--PERSONAL NAME |
| Personal name |
Вирченко, Н.А. Ляшко,И.И., Швецов, К.И. |
| 245 ## - TITLE STATEMENT |
| Title |
Графики функций. |
| 245 ## - TITLE STATEMENT |
| Remainder of title |
Справочник |
| 245 ## - TITLE STATEMENT |
| Statement of responsibility, etc. |
Под ред. И.И.Ляшко. пер. с украинского |
| 250 ## - EDITION STATEMENT |
| Edition statement |
изд. 2-ое |
| 260 ## - PUBLICATION, DISTRIBUTION, ETC. |
| Place of publication, distribution, etc. |
Киев |
| 260 ## - PUBLICATION, DISTRIBUTION, ETC. |
| Name of publisher, distributor, etc. |
Наукова думка |
| 260 ## - PUBLICATION, DISTRIBUTION, ETC. |
| Date of publication, distribution, etc. |
1979 |
| 300 ## - PHYSICAL DESCRIPTION |
| Extent |
319с.20см. |
| 653 ## - INDEX TERM--UNCONTROLLED |
| Uncontrolled term |
Графики функций. |
| 653 ## - INDEX TERM--UNCONTROLLED |
| Uncontrolled term |
Справочник |
| 942 ## - ADDED ENTRY ELEMENTS (KOHA) |
| Koha item type |
წიგნი |